University of Kansas Alumni Quiz Stats

 Plays Quiz not verified by Sporcle

Also try: Ends in 'GO'
Challenge
Share
Tweet
Score 0/10 Timer 03:00
0 Plays Today
% Correct
Paul Rudd
79.2%
Gale Sayers
70.8%
Wilt Chamberlain
70.8%
Bob Dole
58.3%
Don Johnson
54.2%
Dean Smith
45.8%
Mandy Patinkin
33.3%
Dana Stubblefield
20.8%
Gillian Flynn
8.3%
Juan Manuel Santos
4.2%

You're not logged in!

Compare scores with friends on all Sporcle quizzes.
OR
Log In

You Might Also Like...

Show Comments

Extras

Created May 5, 2016ReportNominate
Tags:alumni

Top Quizzes Today


Score Distribution

Your Account Isn't Verified!

In order to create a playlist on Sporcle, you need to verify the email address you used during registration. Go to your Sporcle Settings to finish the process.

Report this User

Report this user for behavior that violates our Community Guidelines.

Details: